00422cam a2200169ua 45000010005000000080039000050400009000440410008000530820014000611000028000752450037001032500009001402600029001493000010001786530044001886530020002328331150128n ii |||gr||||Z||||||asm cMAIN aasm a891.4513N aChoudhury, R.,eAuthor.1 aDeou langkhuicBy Rita Choudhury a2nd. aGuwahati:bJyoti,c2006. a416p. aEast Indo-European & Celtic literatures aAssamese novels